000 00228nam a22000857a 4500
008 160823b xxu||||| |||| 00| 0 eng d
100 _9216
_aGupta R.G
245 _aComposite Mathematics-VII
260 _aNew Delhi
_bAPC publication
_c2010
999 _c2873
_d2873